| 000 | 00401nam a2200121Ia 4500 | ||
|---|---|---|---|
| 008 | 220620s9999||||xx |||||||||||||| ||und|| | ||
| 245 | 0 | _aFrontiers in Transplantology | |
| 546 | _aEnglish[eng] | ||
| 650 | _aVascular surgery | ||
| 700 | _aAbdeldayem, Hesham||El-Kased, Ahmed F.||El-Shaarawy, Ahmed | ||
| 856 | _uhttps://mts.intechopen.com/storage/books/5155/authors_book/authors_book.pdf | ||
| 942 | _cEB | ||
| 999 |
_c28684 _d28684 |
||